|
|
|
|
| LEADER |
00917nam a2200229 a 4500 |
| 001 |
2671460 |
| 008 |
091006s1971 maua b 001 0 eng d |
| 010 |
|
|
|a \\\73135157
|
| 040 |
|
|
|a DLC
|c DLC
|d DLC
|
| 082 |
0 |
0 |
|a 371.26
|2 18
|
| 100 |
1 |
|
|a Ahmann, J. Stanley.
|
| 245 |
1 |
0 |
|a Evaluating pupil growth :
|b principles of tests and measurements /
|c by J. Stanley Ahmann and Marvin D. Glock.
|
| 250 |
|
|
|a 4th ed.
|
| 260 |
|
|
|a Boston :
|b Allyn and Bacon,
|c 1971
|
| 300 |
|
|
|a xi, 621 p. :
|b illus. ;
|c 24 cm.
|
| 504 |
|
|
|a Includes bibliographies.
|
| 541 |
1 |
|
|e 00005141
|
| 650 |
|
0 |
|a Grading and marking (Students)
|
| 700 |
1 |
|
|a Glock, Marvin David,
|e joint author.
|
| 852 |
4 |
|
|a Ayesha Abed Library
|j General shelf
|
| 999 |
|
|
|c 4292
|d 4292
|
| 952 |
|
|
|0 0
|1 0
|2 ddc
|4 0
|6 371_260000000000000_AHM_1971
|7 0
|9 3963
|a BRACUL
|b BRACUL
|c GEN
|d 2009-10-07
|g 0.00
|l 0
|o 371.26 AHM
|p 3010005141
|r 2009-10-07
|t 1
|w 2009-10-07
|y BK
|x No price found in the accession register.
|